El sonido / (Record no. 181877)

MARC details
000 -CABECERA
campo de control de longitud fija 00575nam a2200205 u 4500
005 - FECHA Y HORA DE LA ÚLTIMA TRANSACCIÓN
campo de control 20210223132906.0
008 - ELEMENTOS DE LONGITUD FIJA--INFORMACIÓN GENERAL
campo de control de longitud fija 160425s1991 ag r 000 0 spa d
020 ## - NÚMERO INTERNACIONAL NORMALIZADO PARA LIBROS
Número Internacional Estándar del Libro 9507241264
035 ## - NÚMERO DE CONTROL DEL SISTEMA
Número de control de sistema UPN01000209776
049 ## - COLECCIÓN
Colección I
050 #4 - SIGNATURA TOPOGRÁFICA DE LA BIBLIOTECA DEL CONGRESO
Número de clasificación QC225.5
Número de documento/Ítem T7.7
100 1# - ASIENTO PRINCIPAL--NOMBRE PERSONAL
Nombre de persona Tricárico, Hugo Roberto
9 (RLIN) 36879
245 13 - MENCIÓN DE TÍTULO
Título El sonido /
Mención de responsabilidad, etc. Hugo Roberto Tricárico.
260 ## - PUBLICACIÓN, DISTRIBUCIÓN, ETC.
Lugar de publicación, distribución, etc. Buenos Aires :
Nombre del editor, distribuidor, etc. Lumen,
Fecha de publicación, distribución, etc. c1991
300 ## - DESCRIPCIÓN FÍSICA
Extensión 29 p. :
Otras características físicas il. col.
440 #3 - MENCIÓN DE SERIE/ASIENTO SECUNDARIO--TÍTULO
Título El club de los científicos
650 #4 - ASIENTO SECUNDARIO DE MATERIA - TERMINO TEMATICO
Término de materia o nombre geográfico como elemento de entrada SONIDO -
Subdivisión de forma LITERATURA INFANTIL
9 (RLIN) 11047
905 ## - TIPO DE MATERIAL
Tipo de material Infantil
Holdings
Estado de retiro Estado de pérdida Fuente del sistema de clasificación o colocación Estado dañado No para préstamo Código de colección Localización permanente Ubicación/localización actual Ubicación en estantería Fecha de adquisición Clasificación Código de barras Fecha visto por última vez Número de copia Tipo de ítem Koha
    Library of Congress Classification     Infantil Bib. Gregorio Torres Quintero Bib. Gregorio Torres Quintero Sala infantil Planta baja 10/05/2023 QC225.5 T7.7 303088 31/12/2020 1 Libro